Minnesota's 2nd Congressional District Reps by Picture - Statistics

General Stats
  • This quiz has been taken 3 times
    2 since last reset
  • The average score is 5 of 21
Answer Stats
Picture Hint Answer % Correct
2019-Present Angie Craig
100%
2017-2019 Jason Lewis
100%
2001-2003 Mark Kennedy
100%
1993-2001 David Minge
50%
2003-2017 John Kline
50%
1975-1983 Tom Hagedorn
50%
1983-1993 Vin Weber
50%
1959-1974 Ancher Nelsen
0%
1935-1941 Elmer Ryan
0%
1869-1871 Eugene M. Wilson
0%
1921-1933 Frank Clague
0%
1915-1921 Franklin Ellsworth
0%
1879-1881 Henry Poehler
0%
1873-1879 | 1881-1883 Horace B. Strait
0%
1863-1869 Ignatius L. Donnelly
0%
1893-1907 James McCleary
0%
1883-1887 James Wakefield
0%
1887-1893 John Lind
0%
1871-1873 John T. Averill
0%
1941-1959 Joseph P. O'Hara
0%
1907-1915 Winfield Scott Hammond
0%
No matching quizzes found
Score Distribution
Percent of People with Each Score
Percentile by Number Answered
Your Score History
You have not taken this quiz since the last reset